书目信息 |
| 题名: |
理学集大成者——朱熹
|
|
| 作者: | 王荣珍 编著 | |
| 分册: | ||
| 出版信息: | 长春 吉林文史出版社 2010 |
|
| 页数: | 120页 | |
| 开本: | 23cm | |
| 丛书名: | ||
| 单 册: | ||
| 中图分类: | B244.75 | |
| 科图分类: | ||
| 主题词: | ||
| 电子资源: | ||
| ISBN: | 978-7-5463-2009-0 | |
| 000 | 00797nam0 2200241 450 | |
| 001 | 2370871971 | |
| 005 | 20231129044140.31 | |
| 010 | @a978-7-5463-2009-0@dCNY34.80 | |
| 100 | @a20100726d2010 em y0chiy50 ea | |
| 101 | 0 | @achi |
| 102 | @aCN@b220000 | |
| 105 | @aa z 000yd | |
| 200 | 1 | @a理学集大成者——朱熹@Ali xue ji da cheng zhe——zhu xi@f王荣珍编著 |
| 210 | @a长春@c吉林文史出版社@d2010 | |
| 215 | @a120页@c图@d23cm | |
| 300 | @a中国文化知识读本/金开诚主编 | |
| 330 | @a本书通过:朱熹其人、为学之道、为官几多事、朱子家训传后世、朱子趣闻、与武夷山的渊源等6章内容介绍了朱熹。 | |
| 600 | 0 | @a朱熹@f(1130~1200)@x生平事迹 |
| 600 | 0 | @a朱熹@f(1130~1200) |
| 690 | @aB244.75@v4 | |
| 701 | 0 | @a王荣珍@Awang rong zhen@4编著 |
| 801 | 0 | @aCN@b91MARC@c20130904 |
| 905 | @aZUCC@dB244.75@e3 | |
| 理学集大成者——朱熹/王荣珍编著.-长春:吉林文史出版社,2010 |
| 120页:图;23cm |
| 中国文化知识读本/金开诚主编 |
| ISBN 978-7-5463-2009-0:CNY34.80 |
| 本书通过:朱熹其人、为学之道、为官几多事、朱子家训传后世、朱子趣闻、与武夷山的渊源等6章内容介绍了朱熹。 |
| ● |
| 相关链接 |
|
|
|
正题名:理学集大成者——朱熹
索取号:B244.75/3
 
预约/预借
| 序号 | 登录号 | 条形码 | 馆藏地/架位号 | 状态 | 备注 |
| 1 | 2001003751 | 2001003751 | 第四书库/四1架B面2层3列/ [索取号:B244.75/3] | 在馆 | |
| 2 | 2001003752 | 2001003752 | 第四书库/四1架B面2层3列/ [索取号:B244.75/3] | 在馆 | |
| 3 | 2001003753 | 2001003753 | 第四书库/四1架B面2层3列/ [索取号:B244.75/3] | 在馆 | |
| 4 | 2001003754 | 2001003754 | 培训中心一楼图书角/培训中心东4行9列/ [索取号:B244.75/3] | 在馆 | |
| 5 | 2001003755 | 2001003755 | 培训中心一楼图书角/培训中心东4行9列/ [索取号:B244.75/3] | 在馆 | |
| 6 | 2001003756 | 2001003756 | 培训中心一楼图书角/培训中心东4行9列/ [索取号:B244.75/3] | 在馆 |